00381nam a2200157Ia 4500003000400000005001700004008004000021040000700061041000800068082001700076100001800093245004900111260004700160300000900207650000700216OSt20260209164930.0210210b1992 xxu||||| |||| 00| 0 eng d cAL aeng a820.309 PATH aUsha Pathania aFiction of Anita Desai and Kamala Markandaya aNew DelhibKanishka Publishing Housec1992 a216p aof